El fin del oro verde Conflicto social y movimiento campesino 1960-2008 /

Bibliographic Details
Main Author: Villanueva Mukul, Éric Éber
Format: eBook
Language:Spanish
Published: Ciudad de Mx̌ico: Cm̀ara de Diputados, 2009
Subjects:
Online Access:Acceso restringido

MARC

LEADER 00000nam a22000007a 4500
005 20180403220112.0
007 cr|||| ||||
008 180403s2009 mx |||||s||||f00||0 spa d
020 |a 978-607-95058-6-8 
035 |a 21215 
040 |a vLex 
090 |c 7655  |d 7655 
100 1 |a Villanueva Mukul, Éric Éber 
245 1 2 |a El fin del oro verde  |h [Recurso electrn̤ico] :  |b Conflicto social y movimiento campesino 1960-2008 /  |c Éric Éber Villanueva Mukul 
256 |a Servicio en ln̕ea 
260 |a Ciudad de Mx̌ico:  |b Cm̀ara de Diputados,  |c 2009 
300 |a 1 recurso electrn̤ico 
506 1 |a Disponible solo en los productos indicados  |d vLex Global  |d vLex Global (Academic Edition, excluding Law Schools)  |d vLex Global (U.S. Academic Edition, Law Schools)  |d vLex Global (U.S. Academic Edition, excluding Law Schools)  |d vLex Global (Academic Edition, Law Schools) 
650 0 4 |a Ciencias sociales  |z Mx̌ico 
740 0 |a vLex Libros (Servicio en ln̕ea) 
856 4 0 |u http://vlex.com/source/fin-oro-verde-conflicto-social-movimiento-campesino-1960-2008-21215  |z Acceso restringido 
942 |c BOOK 
999 0 |a Social Sciences